00764naa a2200229 i 45000010005000000030009000050050017000140080039000310400021000700410008000910440008000990800007001070800010001141000137001242450038002615000021002996500015003206500019003357730152003549420013005069990015005198917KOSZ 00520180310132602.0140903s1991 pl f |000 0 pol cBPKdKOSZ 005/EG apol aPOL a62 a004.41 aBIL, Tadeusz.d1974 - 1996.bWyższa Szkoła Inżynierska w Koszalinie - Wydział Mechaniczny,cKatedra Inżynierii Spożywczej 10aEdycja rysunków /cTadeusz Bil. aDane z autopsji. 0aSymulacja. 0aOptymalizacja.0 iW :tKomputerowe wspomaganie projektowania : laboratorium / pod red. Wojciecha Tarnowskiego. -dKoszalin : Wydaw. Uczelniane WSI, 1991. -gs. 53-61 cROZ2UKD c8917d8917